000 00672nam a2200241Ia 4500
003 OSt
005 20220918224218.0
006 a|||||r|||| 00| 0
007 ta
008 220917b |||||||| |||| 00| 0 eng d
024 _a227,212
037 _cTextual
040 _aARTS
_cARTS
_beng
041 _2eng
_aeng
082 _aNQ236,M, N9
100 _aGoswamy B.N.
_939460
245 0 _aPainters at the sikh court
_b a study based on twenty documents
260 _aNew Delhi
_bAryan Books International
_c1999
300 _axii, 113p +Plate 20
_ccm.
650 _aARTS
942 _hNQ236,M, N9
_cTEXL
_2CC
999 _c280579
_d280579